000 006010000a22001810004500
003 MACL
005 20160420151013.0
008 160420b xxu||||| |||| 00| 0 eng d
040 _aMACL
_cMACL
041 _aHindi
082 _a550
100 _aविलियम जी बैनहम
_952945
245 _aहस्‍तरेखाशास्‍त्र का वैज्ञानिक विवेचन
260 _bडायनेमिक पब्लिकेशंस इंडिया
_aमेरठ
350 _a180
650 _aAstronomy
_952946
942 _cHIN
_k520
_2ddc
999 _c19163
_d19163